Java security (Record no. 6681)
[ view plain ]
| 000 -LEADER | |
|---|---|
| fixed length control field | 00642 a2200205 4500 |
| 020 ## - INTERNATIONAL STANDARD BOOK NUMBER | |
| International Standard Book Number | 047117842X |
| 035 ## - SYSTEM CONTROL NUMBER | |
| System control number | 7982188 |
| 040 ## - CATALOGING SOURCE | |
| Original cataloging agency | DLC |
| Language of cataloging | DLC |
| 082 ## - DEWEY DECIMAL CLASSIFICATION NUMBER | |
| Classification number | 005.8 |
| 100 10 - MAIN ENTRY--PERSONAL NAME | |
| Personal name | McGraw, Gary |
| 245 10 - TITLE STATEMENT | |
| Title | Java security |
| Statement of responsibility, etc. | Gary McGraw & Edward Felten. |
| 246 1# - VARYING FORM OF TITLE | |
| Title proper/short title | Hostile applets, holes, and antidotes : what every Netscape and Internet user needs to know |
| 260 0# - PUBLICATION, DISTRIBUTION, ETC. | |
| Place of publication, distribution, etc. | New York |
| Name of publisher, distributor, etc. | : Wiley |
| Date of publication, distribution, etc. | , c1997. |
| 300 ## - PHYSICAL DESCRIPTION | |
| Extent | xiv, 192 p. |
| Other physical details | : ill. |
| Dimensions | ; 24 cm. |
| 500 ## - GENERAL NOTE | |
| General note | "Wiley Computer Publishing." |
| 650 #0 - SUBJECT ADDED ENTRY--TOPICAL TERM | |
| Topical term or geographic name entry element | Java (Computer program language) |
| 650 #0 - SUBJECT ADDED ENTRY--TOPICAL TERM | |
| Topical term or geographic name entry element | Computer security. |
| 700 1# - ADDED ENTRY--PERSONAL NAME | |
| Personal name | Felten, Edward |
| Dates associated with a name | , 1963- |
| 942 ## - ADDED ENTRY ELEMENTS (KOHA) | |
| Koha item type | Book |
| Call number prefix | 005.8 MCG |
| Source of classification or shelving scheme | |
| Withdrawn status | Lost status | Damaged status | Not for loan | Collection code | Permanent Location | Current Location | Shelving location | Date acquired | Total Checkouts | Full call number | Barcode | Date last seen | Price effective from | Koha item type |
|---|---|---|---|---|---|---|---|---|---|---|---|---|---|---|
| Central Library (CL) | Central Library (CL) | First Floor - Artificial Intelligence/Data Mining | 06/09/2001 | 005.8 MCG | SEECS000877 | 11/14/2012 | 01/05/2017 | Book |
